El derecho administrativo ante la jurisprudencia.

Guardat en:
Dades bibliogràfiques
Autor principal: Vergara Blanco, Alejandro (autor)
Format: Desconegut
Idioma:espanyol
Publicat: Santiago, Chile: Thomson Reuters, 2022-2025
Edició:1ª edición.
Matèries:
Etiquetes: Afegir etiqueta
Sense etiquetes, Sigues el primer a etiquetar aquest registre!

MARC

LEADER 00000 a2200000 4500
003 CL-VaPUC
005 20250502131620.0
008 220512i20222025 ||||| |||| 00| 0 spa d
999 |c 435579  |d 435577 
020 |a 978-956-400-271-2 
040 |c Pontificia Universidad Católica de Valparaíso 
082 7 |a 342.8306 VER 2022  |2 22 
082 7 |a 342.8306 VER 2025 (v.II)  
100 |a Vergara Blanco, Alejandro  |9 863867  |e autor 
245 |a El derecho administrativo ante la jurisprudencia. 
250 |a 1ª edición. 
260 |a Santiago, Chile:   |b Thomson Reuters,  |c 2022-2025 
300 |a 2 volúmenes.  
505 |a I. Comentarios de sentencias y dictámenes en temas relevantes de la disciplina (2012 a 2022). II. Comentarios de sentencias y dictámenes en temas relevantes de la disciplina (2022 a 2025). 
583 |c 20220512 
650 |a Derecho administrativo  |9 254851 
650 |a Organización administrativa   |9 257438 
650 |a Derecho laboral administrativo  |9 870041 
650 |a Actos administrativos   |x Vicios  |9 870042 
942 |2 ddc  |c BK 
952 |0 0  |1 0  |2 ddc  |4 0  |6 342_830600000000000_VER_2022  |7 0  |8 A  |9 583008  |a BIBDER  |b BIBDER  |d 2022-05-11  |e 31  |g 0.00  |i 5651165  |l 1  |o 342.8306 VER 2022  |p 5651165  |r 2023-06-12  |s 2023-06-07  |t 1  |v 0.00  |w 2022-05-11  |y BK  |k DER 
952 |0 0  |1 0  |2 ddc  |4 0  |6 342_830600000000000_VER_2025  |7 0  |8 A  |9 602851  |a BIBDER  |b BIBDER  |d 2025-05-02  |e 31  |g 0.00  |h v.II  |i 5667331  |o 342.8306 VER 2025   |p 5667331  |r 2025-05-02  |t 1  |v 0.00  |w 2025-05-02  |y BK  |k DER